[Event "Qatar Masters Open 2023"]
[Site "Doha QAT"]
[Date "2023.10.18"]
[Round "7.76"]
[White "Rakshitta, Ravi"]
[Black "Priyanka, Nutakki"]
[Result "1-0"]
[WhiteTitle "WGM"]
[BlackTitle "WGM"]
[WhiteElo "2272"]
[BlackElo "2315"]
[WhiteFideId "25073230"]
[BlackFideId "25049615"]
[EventDate "2023.10.11"]

1. Nf3 d5 2. g3 Nf6 3. Bg2 c5 4. O-O e6 5. d4 cxd4 6. Nxd4 e5 7. Nb3 h6 8. c4 d4
9. e3 d3 10. Nc3 Nc6 11. Nd5 Bf5 12. e4 Nxe4 13. Qxd3 Nd6 14. Qe2 Be6 15. Rd1
Qc8 16. Bd2 Nf5 17. Bc3 Bd6 18. f4 O-O 19. fxe5 Bb8 20. Rf1 Re8 21. Rae1 a5 22.
Kh1 Ba7 23. a4 Qd8 24. Be4 Qg5 25. Bd2 Nfd4 26. Nxd4 Nxd4 27. Qd3 Qd8 28. Be3
Nc6 29. Bxa7 Rxa7 30. Qe3 Ra6 31. Rd1 Bxd5 32. Bxd5 Nxe5 33. Qxe5 1-0

[Event "Qatar Masters Open 2023"]
[Site "Doha QAT"]
[Date "2023.10.18"]
[Round "7.77"]
[White "Akshat, Khamparia"]
[Black "Brendel, Oliver"]
[Result "1-0"]
[WhiteTitle "IM"]
[BlackTitle "IM"]
[WhiteElo "2393"]
[BlackElo "2316"]
[WhiteFideId "5016541"]
[BlackFideId "4602048"]
[EventDate "2023.10.11"]

1. d4 Nf6 2. c4 g6 3. g3 c6 4. Bg2 d5 5. Nf3 Bg7 6. O-O O-O 7. cxd5 cxd5 8. Ne5
Ne4 9. Nc3 Nxc3 10. bxc3 Nc6 11. Nxc6 bxc6 12. Bf4 Bf5 13. Qa4 Qd7 14. Rac1 Rac8
15. c4 c5 16. Qxd7 Bxd7 17. cxd5 c4 18. Rfd1 Ba4 19. Rd2 c3 20. Rd3 c2 21. d6
exd6 22. Bd5 Rfe8 23. Kf1 Bc6 24. Bb3 Be4 25. Rd2 d5 26. f3 Bf5 27. g4 Be6 28.
e3 a5 29. Rdxc2 Rxc2 30. Rxc2 Ra8 31. Ba4 Bf8 32. Kf2 Rd8 33. Bb5 Bb4 34. a4 Kf8
35. Bh6+ Kg8 36. Bg5 Rc8 37. Rxc8+ Bxc8 38. Bf6 Bb7 39. h4 h6 40. h5 gxh5 41.
gxh5 Kf8 42. Bd8 Bd2 43. Ke2 Bb4 44. Kd3 Bc8 45. Bc6 Ba6+ 46. Kc2 Bc4 47. Bb5 f5
48. Bxc4 dxc4 49. Bc7 Kf7 50. Bf4 1-0

[Event "Qatar Masters Open 2023"]
[Site "Doha QAT"]
[Date "2023.10.18"]
[Round "7.78"]
[White "Kwon, Sehyun"]
[Black "Goh, Zi Han"]
[Result "0-1"]
[WhiteTitle "FM"]
[BlackTitle "FM"]
[WhiteElo "2313"]
[BlackElo "2334"]
[WhiteFideId "13203088"]
[BlackFideId "5819156"]
[EventDate "2023.10.11"]

1. e4 c5 2. c3 Nf6 3. e5 Nd5 4. Nf3 Nc6 5. Bc4 e6 6. d4 cxd4 7. cxd4 d6 8. O-O
Be7 9. Qe2 O-O 10. Qe4 Bd7 11. Bb3 Rc8 12. Nc3 Nxc3 13. bxc3 dxe5 14. dxe5 Na5
15. Bc2 g6 16. Bh6 Re8 17. Qf4 Rc4 18. Be4 Bc6 19. Rfe1 Bxe4 20. Rxe4 Rxe4 21.
Qxe4 Qc7 22. Ng5 Qxc3 23. Rb1 Nc6 24. Nf3 Rd8 25. h4 Rd7 26. Rb3 Qa1+ 27. Kh2
Qd1 28. h5 Qd5 29. Qf4 a6 30. Re3 Nd4 31. Ng5 Nf5 32. Nxf7 Nxe3 33. fxe3 Qd1 34.
hxg6 Qh5+ 35. Kg3 Qxg6+ 0-1

[Event "Qatar Masters Open 2023"]
[Site "Doha QAT"]
[Date "2023.10.19"]
[Round "8.1"]
[White "Carlsen, Magnus"]
[Black "Kaidanov, Gregory"]
[Result "1-0"]
[WhiteTitle "GM"]
[BlackTitle "GM"]
[WhiteElo "2839"]
[BlackElo "2554"]
[WhiteFideId "1503014"]
[BlackFideId "2008564"]
[EventDate "2023.10.11"]

1. d4 d5 2. Bf4 c5 3. e3 Nc6 4. c3 Nf6 5. Nd2 e6 6. Ngf3 cxd4 7. exd4 Nh5 8. Be3
Bd6 9. Bd3 Nf4 10. Bxf4 Bxf4 11. O-O O-O 12. Re1 Bd7 13. Nb3 b6 14. Qe2 g6 15.
a4 f6 16. Bb5 Qc7 17. a5 Rae8 18. g3 Bh6 19. axb6 axb6 20. c4 dxc4 21. Qxc4 Qd6
22. Ra6 Rb8 23. Nc5 Nxd4 24. Nxd4 Qxc5 25. Ra7 Rbd8 26. b4 Qxc4 27. Bxc4 Rfe8
28. b5 Bc8 29. Nc6 Rd6 30. Rc7 Bd7 31. Ra1 Bf8 32. Raa7 Bxc6 33. bxc6 Rd1+ 34.
Kg2 Rc1 35. Ra4 b5 36. Bxb5 Rc5 37. Bc4 Bd6 38. Rb7 Kh8 39. Bxe6 Re7 40. Rxe7
Bxe7 41. Ra8+ Kg7 42. Ra7 Rxc6 43. Rxe7+ Kf8 44. Rf7+ 1-0

[Event "Qatar Masters Open 2023"]
[Site "Doha QAT"]
[Date "2023.10.19"]
[Round "8.4"]
[White "Sindarov, Javokhir"]
[Black "Yakubboev, Nodirbek"]
[Result "1/2-1/2"]
[WhiteTitle "GM"]
[BlackTitle "GM"]
[WhiteElo "2658"]
[BlackElo "2616"]
[WhiteFideId "14205483"]
[BlackFideId "14203987"]
[EventDate "2023.10.11"]

1. e4 e5 2. Nf3 Nc6 3. Bc4 Bc5 4. Nc3 Nf6 5. d3 h6 6. O-O O-O 7. h3 a6 8. Be3
Bxe3 9. fxe3 d6 10. a4 Be6 11. Nd2 Na5 12. Ba2 Nc6 13. Bc4 Na5 14. Ba2 Nc6 15.
Rf2 Bxa2 16. Nxa2 d5 17. Qf3 d4 18. exd4 Nxd4 19. Qd1 b5 20. Nc3 Qd6 21. Ne2
Rad8 22. Nf1 Qc5 23. Neg3 Kh7 24. Qd2 Ng8 25. Ne3 Ne7 26. Kh2 f6 27. axb5 axb5
28. Rff1 Ra8 29. Rxa8 Rxa8 30. c3 Ne6 1/2-1/2

[Event "Qatar Masters Open 2023"]
[Site "Doha QAT"]
[Date "2023.10.19"]
[Round "8.5"]
[White "Karthikeyan, Murali"]
[Black "Narayanan, S.L."]
[Result "1/2-1/2"]
[WhiteTitle "GM"]
[BlackTitle "GM"]
[WhiteElo "2611"]
[BlackElo "2651"]
[WhiteFideId "5074452"]
[BlackFideId "5058422"]
[EventDate "2023.10.11"]

1. e4 e5 2. Nf3 Nc6 3. Bb5 a6 4. Ba4 Nf6 5. O-O Nxe4 6. d4 b5 7. Bb3 d5 8. dxe5
Be6 9. Nbd2 Nc5 10. c3 Be7 11. Bc2 d4 12. Nb3 d3 13. Bb1 Nxb3 14. axb3 Bf5 15.
Be3 O-O 16. Bd4 Qd5 17. Re1 Rfd8 18. h4 Nxd4 19. Nxd4 Be4 20. Qg4 Bg6 21. h5 d2
22. Rd1 Bxb1 23. Raxb1 Qxe5 24. Nc6 Qd6 25. Nxd8 Rxd8 26. Qe2 Bg5 27. g3 c5 28.
Rf1 Bf6 29. Ra1 h6 30. Rfd1 Bg5 31. Rf1 Qd7 32. f4 Bf6 33. Rad1 b4 34. Qe3 Qd5
35. Rf2 Qxb3 36. Rfxd2 Bd4 37. Rxd4 cxd4 38. Rxd4 Rf8 39. Rxb4 Qd1+ 40. Kg2 Qxh5
41. Rd4 Qb5 42. b4 Re8 43. Qd3 Qc6+ 44. Kh2 Qb6 45. Kg2 h5 46. Rd6 Qb7+ 47. Kh2
Qc8 1/2-1/2

[Event "Qatar Masters Open 2023"]
[Site "Doha QAT"]
[Date "2023.10.19"]
[Round "8.8"]
[White "Sethuraman, S.P."]
[Black "Maghsoodloo, Parham"]
[Result "1/2-1/2"]
[WhiteTitle "GM"]
[BlackTitle "GM"]
[WhiteElo "2598"]
[BlackElo "2707"]
[WhiteFideId "5021596"]
[BlackFideId "12539929"]
[EventDate "2023.10.11"]

1. e4 c5 2. Nf3 d6 3. d4 cxd4 4. Nxd4 Nf6 5. Nc3 a6 6. Bg5 e6 7. f4 Nbd7 8. Qe2
Qc7 9. O-O-O b5 10. a3 Bb7 11. h4 h5 12. Rh3 Rc8 13. Kb1 Be7 14. Re3 Qb6 15. Nd5
exd5 16. exd5 O-O 17. Rxe7 Bxd5 18. Nf5 Bc4 19. Qe3 Qxe3 20. Rxe3 Ng4 21. Re7
Nb6 22. Nxd6 Bxf1 23. Rxf1 Rc6 24. Nf5 Rc5 25. Nd4 Nc4 26. f5 a5 27. Rfe1 Rd5
28. c3 b4 29. Rc7 Nce5 30. Kc2 Rb8 31. Re2 b3+ 32. Kb1 g6 33. fxg6 Nxg6 34. a4
f6 35. Bc1 Re5 36. g3 Rbe8 37. Rd2 Re3 38. Nxb3 N6e5 39. Nd4 Rxg3 40. Rd1 Nd3
41. Nf5 Rf3 42. Ne7+ Kf8 43. Nc6 Re4 44. Nxa5 Rxa4 45. Nc4 Ra8 46. Rh7 Ra4 47.
b3 Ra6 48. Rxh5 Ngf2 49. Rf1 Nxc1 50. Rxc1 Ne4 51. Kb2 Rf2+ 52. Rc2 Ra2+ 53.
Kxa2 Rxc2+ 54. Ka3 Rxc3 55. Kb2 Rh3 56. b4 Kg7 57. b5 Kg6 58. Rh8 Nc3 59. h5+
Kg7 60. Rb8 Na4+ 61. Ka2 Nc3+ 1/2-1/2

[Event "Qatar Masters Open 2023"]
[Site "Doha QAT"]
[Date "2023.10.19"]
[Round "8.9"]
[White "Shimanov, Aleksandr"]
[Black "Oparin, Grigoriy"]
[Result "1/2-1/2"]
[WhiteTitle "GM"]
[BlackTitle "GM"]
[WhiteElo "2566"]
[BlackElo "2681"]
[WhiteFideId "4198603"]
[BlackFideId "24125890"]
[EventDate "2023.10.11"]

1. b3 e5 2. Bb2 Nc6 3. c4 Nge7 4. e3 d5 5. cxd5 Nxd5 6. a3 Be6 7. Bb5 Qg5 8. Nf3
Qxg2 9. Rg1 Qh3 10. Rg3 Qh6 11. Nxe5 Qxh2 12. Qf3 Bd6 13. Rg2 Qh1+ 14. Ke2 Bxe5
15. Bxe5 h5 16. Rxg7 Bg4 17. Rxg4 Qxf3+ 18. Kxf3 hxg4+ 19. Kxg4 Rh1 20. Kf3 a6
21. Bxc6+ bxc6 22. d3 Kd7 23. Nd2 Rxa1 24. Bxa1 c5 25. Ke2 Rg8 26. Nf3 Rb8 27.
Nd2 Rb6 28. Ne4 Kc6 29. Nd2 Rb8 30. Nc4 Kd7 31. Nd2 Rg8 32. Nf3 Ke6 33. Bb2 Ne7
34. Bc3 Nc6 35. Nd2 f5 36. Nf3 Rg6 37. e4 Rg8 38. Ke3 Rb8 39. Nd2 Ne5 40. f4 Ng6
41. b4 cxb4 42. Bxb4 Rh8 43. Nb3 Rh3+ 44. Kd4 Nxf4 45. Nc5+ Kf6 46. exf5 Kxf5
47. Nxa6 Rxd3+ 48. Kc4 Rd7 49. Kb5 Ne6 50. Kc6 Rd1 51. a4 Rc1+ 52. Nc5 Ke5 53.
a5 Kd4 54. a6 Nxc5 55. a7 Ne6+ 56. Kb7 Nd8+ 57. Kc8 Ra1 58. Kxc7 Kc4 59. Be7
Ne6+ 60. Kb7 Rb1+ 61. Kc8 Ra1 62. Kb7 Nc7 63. Bd8 Na8 64. Kxa8 Rb1 65. Bb6 Rxb6 1/2-1/2

[Event "Qatar Masters Open 2023"]
[Site "Doha QAT"]
[Date "2023.10.19"]
[Round "8.11"]
[White "Fawzy, Adham"]
[Black "Aravindh, Chithambaram VR."]
[Result "1/2-1/2"]
[WhiteTitle "GM"]
[BlackTitle "GM"]
[WhiteElo "2535"]
[BlackElo "2649"]
[WhiteFideId "10613129"]
[BlackFideId "5072786"]
[EventDate "2023.10.11"]

1. e4 e6 2. d4 d5 3. Nc3 Nc6 4. Nf3 Nf6 5. Bg5 Be7 6. Bxf6 Bxf6 7. Bb5 O-O 8.
O-O Nb8 9. Qd2 b6 10. Rfe1 c6 11. Bd3 Ba6 12. Rad1 Bxd3 13. Qxd3 Nd7 14. Ne2 Qc7
15. c3 dxe4 16. Qxe4 c5 17. Nf4 cxd4 18. Nxd4 Bxd4 19. Qxd4 Nf6 20. Qd6 Qb7 21.
Rd4 Rac8 22. Nd3 Qa8 23. Ne5 Rcd8 24. Qb4 Rxd4 25. Qxd4 Rd8 26. Qa4 h6 27. h3
Rd2 28. Nc4 Rd8 29. Ne5 Qb7 30. Rd1 Rd5 31. Nf3 b5 1/2-1/2

[Event "Qatar Masters Open 2023"]
[Site "Doha QAT"]
[Date "2023.10.19"]
[Round "8.12"]
[White "Vignesh, N R"]
[Black "Aryan, Chopra"]
[Result "1/2-1/2"]
[WhiteTitle "GM"]
[BlackTitle "GM"]
[WhiteElo "2527"]
[BlackElo "2634"]
[WhiteFideId "25012215"]
[BlackFideId "5084423"]
[EventDate "2023.10.11"]

1. e4 c5 2. Nf3 e6 3. g3 Nc6 4. Bg2 Nf6 5. Qe2 e5 6. O-O Be7 7. c3 O-O 8. Na3
Re8 9. d3 h6 10. Nc4 Bf8 11. Re1 d6 12. a4 Be6 13. Bd2 a6 14. b4 b5 15. Na3 bxa4
16. bxc5 d5 17. exd5 Bxd5 18. Be3 e4 19. dxe4 Bxe4 20. Nc4 Nd5 21. Nb6 Rb8 22.
Nxa4 Nxe3 23. Qxe3 Qf6 24. Qf4 Qxf4 25. gxf4 Na5 26. Nd4 Bxg2 27. Kxg2 Red8 28.
c6 Rdc8 29. Nb6 Rxb6 30. Rxa5 g6 31. Rae5 Rbb8 32. f5 Bg7 33. Rc5 Rb6 34. fxg6
Bxd4 35. gxf7+ Kxf7 36. cxd4 Rcxc6 37. Rxc6 Rxc6 38. d5 Rd6 39. Rd1 Kf6 40. f4
a5 41. Kf3 a4 42. Ke4 a3 43. Rd2 1/2-1/2

[Event "Qatar Masters Open 2023"]
[Site "Doha QAT"]
[Date "2023.10.19"]
[Round "8.13"]
[White "Salem, A.R. Saleh"]
[Black "Ahmadzada, Ahmad"]
[Result "1-0"]
[WhiteTitle "GM"]
[BlackTitle "IM"]
[WhiteElo "2632"]
[BlackElo "2494"]
[WhiteFideId "9301348"]
[BlackFideId "13413007"]
[EventDate "2023.10.11"]

1. d4 Nf6 2. c4 e6 3. Nc3 Bb4 4. e3 O-O 5. Bd3 d5 6. a3 Bxc3+ 7. bxc3 dxc4 8.
Bxc4 c5 9. Nf3 Qc7 10. Be2 Nc6 11. O-O e5 12. d5 e4 13. Nh4 Na5 14. c4 Ne8 15.
Bb2 Qe7 16. Qe1 b6 17. f3 Nd6 18. Rc1 f6 19. fxe4 Nxe4 20. Bd3 Bd7 21. Rf4 f5
22. Nf3 Nb3 23. Rd1 g5 24. Rxe4 fxe4 25. d6 Qe8 26. Qc3 Nd4 27. Nxd4 Qe5 28.
Bxe4 cxd4 29. Rxd4 Rae8 30. Bd5+ Kg7 31. Qd2 Kh6 32. Rh4+ 1-0

[Event "Qatar Masters Open 2023"]
[Site "Doha QAT"]
[Date "2023.10.19"]
[Round "8.14"]
[White "Pranesh, M"]
[Black "Gupta, Abhijeet"]
[Result "0-1"]
[WhiteTitle "GM"]
[BlackTitle "GM"]
[WhiteElo "2515"]
[BlackElo "2609"]
[WhiteFideId "35028600"]
[BlackFideId "5010608"]
[EventDate "2023.10.11"]

1. e4 e5 2. Nf3 Nc6 3. Bb5 a6 4. Ba4 d6 5. c3 f5 6. exf5 Bxf5 7. O-O Bd3 8. Re1
Nf6 9. Re3 e4 10. Ne1 Bxb1 11. Rxb1 d5 12. f3 Bd6 13. fxe4 dxe4 14. d4 O-O 15.
Nc2 Na5 16. Rh3 b5 17. Bb3+ Nxb3 18. axb3 c5 19. Bg5 h6 20. Bxf6 Qxf6 21. Qe2
cxd4 22. Nxd4 Rae8 23. Re3 h5 24. g3 h4 25. Rf1 Qg6 26. Rxf8+ Rxf8 27. Qg2 hxg3
28. hxg3 Re8 29. b4 Bc7 30. Nb3 Bb6 31. Nd4 Bc7 32. Nb3 Bb6 33. Nd4 Qg4 34. Qe2
Qg5 35. Qe1 Qd5 36. Qd1 Qg5 37. Qe1 Qe5 38. Kg2 Bxd4 39. cxd4 Qxd4 40. Qc3 Qxc3
41. Rxc3 Rd8 42. Kf2 Rd2+ 43. Ke3 Rxb2 44. Ra3 Rxb4 45. Rxa6 Rb3+ 46. Kxe4 Rxg3
47. Rb6 Rb3 48. Kf5 Kh7 49. Kg5 Rb1 50. Kh5 b4 51. Kg4 b3 52. Kg3 Kg8 53. Rb7
Kh7 54. Rb6 g6 55. Rb7+ Kh6 56. Rb5 Kg7 57. Rb6 Kf7 58. Kg2 g5 59. Kf2 Ke7 60.
Kg2 Kd7 61. Kh2 Kc7 62. Rg6 Rc1 63. Rg7+ Kb6 64. Rg6+ Rc6 65. Rg8 Kb7 66. Rg7+
Ka6 67. Rg8 Rb6 68. Ra8+ Kb5 0-1

[Event "Qatar Masters Open 2023"]
[Site "Doha QAT"]
[Date "2023.10.19"]
[Round "8.15"]
[White "Raja, Rithvik R"]
[Black "Jumabayev, Rinat"]
[Result "1/2-1/2"]
[WhiteTitle "GM"]
[BlackTitle "GM"]
[WhiteElo "2495"]
[BlackElo "2585"]
[WhiteFideId "35007394"]
[BlackFideId "13702661"]
[EventDate "2023.10.11"]

1. d4 Nf6 2. c4 g6 3. Nc3 Bg7 4. e4 d6 5. h3 e5 6. d5 a5 7. Be3 Na6 8. Nf3 Bd7
9. Nd2 h5 10. Be2 Bh6 11. Bxh6 Rxh6 12. h4 Nc5 13. Qc2 Rh8 14. O-O-O a4 15. Kb1
c6 16. f3 cxd5 17. cxd5 Ke7 18. Rc1 a3 19. b3 Qa5 20. Nc4 Qb4 21. Qd2 Rhc8 22.
Nxd6 Na4 23. Nc4 Nxc3+ 24. Rxc3 b5 25. d6+ Kf8 26. Rc2 Qxd2 27. Nxd2 Rxc2 28.
Kxc2 Ne8 29. Nf1 Rc8+ 30. Kd2 Nxd6 31. Ne3 f5 32. Bd3 Be6 33. Rc1 Rd8 34. Ke2 f4
35. Nc2 Ra8 36. Nb4 Ke7 37. Rc5 Kf6 38. Rc6 Ke7 39. Rc5 Kf6 40. Rc6 Ke7 41. Rc7+
Kf6 42. Kd2 g5 43. hxg5+ Kxg5 44. Rc6 Rd8 45. Ke2 Kh4 46. Kf2 Nb7 47. Rxe6 Nc5
48. Rxe5 Nxd3+ 49. Nxd3 Rxd3 50. Rd5 Rc3 51. Rd2 Kg5 52. Kg1 b4 53. Kh2 Kg6 54.
Rd4 Rc2 55. Rxb4 Rxa2 56. Ra4 Ra1 57. b4 a2 58. b5 Kg5 59. b6 Kh4 60. b7 Rb1 61.
Rxa2 Rxb7 62. Ra5 Rf7 63. Ra8 Rf6 64. Rg8 Rf7 65. Kg1 Ra7 66. Kh2 Rf7 67. Rc8
Rf6 68. Rc4 Re6 69. e5 Kg5 70. Re4 Kf5 71. Kh3 h4 72. Ra4 Rxe5 73. Kxh4 Re2 74.
Ra5+ Kf6 75. Rg5 Ra2 76. Rg8 Kf5 77. Rf8+ Ke5 78. Kh3 Rb2 79. Ra8 Kf5 80. Ra5+
Kf6 81. Kg4 Rxg2+ 82. Kxf4 Rb2 83. Ra6+ Kf7 84. Kg4 Rb5 85. f4 Rc5 1/2-1/2

[Event "Qatar Masters Open 2023"]
[Site "Doha QAT"]
[Date "2023.10.19"]
[Round "8.16"]
[White "Kuybokarov, Temur"]
[Black "Samadov, Read"]
[Result "1-0"]
[WhiteTitle "GM"]
[BlackTitle "IM"]
[WhiteElo "2584"]
[BlackElo "2492"]
[WhiteFideId "14203049"]
[BlackFideId "13417444"]
[EventDate "2023.10.11"]

1. c4 Nf6 2. g3 c6 3. Bg2 d5 4. Nf3 g6 5. b3 Bg7 6. Bb2 O-O 7. O-O Re8 8. Na3
Bf5 9. Rc1 a6 10. d3 Bg4 11. Ne5 Be6 12. Rc2 Nbd7 13. Qa1 Nxe5 14. Bxe5 Nh5 15.
cxd5 Bxd5 16. e4 Be6 17. Bxg7 Nxg7 18. d4 Qd6 19. Nc4 Bxc4 20. e5 Bxf1 21. exd6
Bxg2 22. Kxg2 e6 23. Qe1 Red8 24. d5 exd5 25. Qe7 Rab8 26. d7 Ne6 27. Re2 Rf8
28. h4 h5 29. Re5 Rbd8 30. g4 hxg4 31. h5 Nf4+ 32. Kf1 Kg7 33. h6+ 1-0

[Event "Qatar Masters Open 2023"]
[Site "Doha QAT"]
[Date "2023.10.19"]
[Round "8.17"]
[White "Vokhidov, Shamsiddin"]
[Black "Abdisalimov, Abdimalik"]
[Result "1/2-1/2"]
[WhiteTitle "GM"]
[BlackTitle "GM"]
[WhiteElo "2578"]
[BlackElo "2487"]
[WhiteFideId "14204223"]
[BlackFideId "14206323"]
[EventDate "2023.10.11"]

1. e4 c6 2. d4 d5 3. e5 Bf5 4. h4 h5 5. c4 e6 6. Nc3 Ne7 7. Nge2 Bg4 8. Bg5 Qb6
9. Qd2 Nd7 10. Ng3 f6 11. exf6 gxf6 12. Be3 O-O-O 13. a3 Qb3 14. Rc1 dxc4 15.
Nce4 Nb6 16. Nxf6 e5 17. Nxg4 hxg4 18. Be2 Rg8 19. O-O c5 20. Bg5 Rxd4 21. Qe3
Qxb2 22. Qxe5 Nd7 23. Bxg4 Qb5 24. Ne4 Qc6 25. Bxd7+ Rxd7 26. Rxc4 Rd5 27. Qf6
b5 28. Rxc5 Rxc5 29. Nxc5 Qxf6 30. Bxf6 Nd5 31. Be5 Rg4 32. Rc1 Rc4 33. Rxc4
bxc4 34. Ne4 Bxa3 35. h5 Bf8 36. g4 Kd7 37. g5 Ke6 38. f4 Nxf4 39. Bxf4 Kf5 40.
Bc1 Kxe4 41. g6 Kf5 42. Kf2 c3 43. Ke2 c2 44. Kd3 Kg4 45. h6 Bxh6 46. Bxh6 Kh5
47. Be3 Kxg6 1/2-1/2

[Event "Qatar Masters Open 2023"]
[Site "Doha QAT"]
[Date "2023.10.19"]
[Round "8.18"]
[White "Aditya, Mittal"]
[Black "Zou, Chen"]
[Result "1/2-1/2"]
[WhiteTitle "GM"]
[BlackTitle "IM"]
[WhiteElo "2572"]
[BlackElo "2418"]
[WhiteFideId "35042025"]
[BlackFideId "8610959"]
[EventDate "2023.10.11"]

1. d4 Nf6 2. c4 e6 3. Nf3 d5 4. Nc3 Be7 5. Bf4 O-O 6. e3 Nbd7 7. c5 Nh5 8. Bd3
Nxf4 9. exf4 c6 10. O-O b6 11. b4 a5 12. a3 Ba6 13. Bxa6 Rxa6 14. Qe2 Qa8 15. b5
cxb5 16. Qxb5 Ra7 17. c6 Nb8 18. f5 Nxc6 19. Rfc1 Rc7 20. fxe6 fxe6 21. Qb2 Bf6
22. Nb5 Re7 23. Re1 Qb8 24. Rac1 Rc8 25. Rc3 Na7 26. Rxc8+ Nxc8 27. Rc1 Nd6 28.
Nxd6 Qxd6 29. Rc8+ Kf7 30. Qc1 h6 31. h4 Re8 32. Rc6 Qd8 33. Rc7+ Kg8 34. Qc6 b5
35. g4 b4 36. axb4 axb4 37. Kg2 b3 38. Rb7 Qc8 39. Qxc8 Rxc8 40. g5 hxg5 41.
hxg5 Bd8 42. Rxb3 g6 43. Rb7 Bc7 44. Ra7 Bf4 45. Ra6 Re8 46. Kh3 Re7 47. Kg4 Bc7
48. Nh4 Kg7 49. f4 Bb8 50. Rc6 Ba7 51. Nf3 Bb8 52. Ng1 Ba7 53. Ne2 Kf7 54. Rc1
Kg7 55. Rb1 Rc7 56. Kf3 Kf8 57. Ke3 Rc4 58. Rb7 Ra4 59. Kd3 Ra5 60. Nc3 Ra3 61.
Rb1 Ra6 62. Rb7 Ra3 63. Rb4 Ra6 64. Na4 Ra5 65. Kc3 Kg8 66. Kb3 Kf8 67. Kc2 Kg8
68. Kd3 Kf8 69. Nc3 Ra6 70. Na4 Ra5 71. Kc2 Kg8 72. Kc3 Kf8 73. Kb3 Kg8 74. Kc3
Kf8 75. Kd3 Kg8 76. Nc3 Kf8 77. Rb1 Ra6 78. Rb7 1/2-1/2

[Event "Qatar Masters Open 2023"]
[Site "Doha QAT"]
[Date "2023.10.19"]
[Round "8.19"]
[White "Vaishali, Rameshbabu"]
[Black "Makarian, Rudik"]
[Result "1/2-1/2"]
[WhiteTitle "IM"]
[BlackTitle "IM"]
[WhiteElo "2448"]
[BlackElo "2548"]
[WhiteFideId "5091756"]
[BlackFideId "44105681"]
[EventDate "2023.10.11"]

1. e4 c5 2. Nf3 e6 3. d4 cxd4 4. Nxd4 Nf6 5. Nc3 Nc6 6. Ndb5 Bb4 7. a3 Bxc3+ 8.
Nxc3 d5 9. exd5 exd5 10. Bd3 O-O 11. O-O Bg4 12. f3 Bh5 13. Bg5 Qb6+ 14. Kh1 Ne4
15. Nxe4 dxe4 16. Bxe4 Bg6 17. Bxc6 Qxc6 18. Bh4 Qxc2 19. Qxc2 Bxc2 20. Rac1
Rac8 21. Rfe1 Bf5 22. Bf2 a6 23. Kg1 Rxc1 24. Rxc1 Rc8 25. Rxc8+ Bxc8 26. Kf1 f6
27. Ke2 Kf7 28. Kd3 Ke6 29. Kd4 Bd7 30. Kc5 Bc6 1/2-1/2

[Event "Qatar Masters Open 2023"]
[Site "Doha QAT"]
[Date "2023.10.19"]
[Round "8.20"]
[White "Van Foreest, Jorden"]
[Black "Madaminov, Mukhiddin"]
[Result "1-0"]
[WhiteTitle "GM"]
[BlackTitle "IM"]
[WhiteElo "2707"]
[BlackElo "2484"]
[WhiteFideId "1039784"]
[BlackFideId "14210703"]
[EventDate "2023.10.11"]

1. e4 e5 2. Nf3 Nc6 3. Bb5 a6 4. Ba4 Nf6 5. O-O Nxe4 6. d4 b5 7. Bb3 d5 8. dxe5
Be6 9. c3 Be7 10. Nbd2 Nc5 11. Bc2 d4 12. Nb3 d3 13. Bb1 Nxb3 14. axb3 Bf5 15.
Re1 O-O 16. Be3 Qd5 17. Bd4 Rfd8 18. h4 d2 19. Bxf5 dxe1=Q+ 20. Qxe1 Qxb3 21.
Qe2 g6 22. Bb1 Qc4 23. Bd3 Qe6 24. Be4 Rac8 25. h5 Nb8 26. Bb7 c5 27. Bxc8 Qxc8
28. Be3 gxh5 29. Bg5 Bxg5 30. Nxg5 Qg4 31. Qe3 Rd5 32. f4 h6 33. Ne4 Nd7 34. Kf2
Qf5 35. Kg1 Qg4 36. Qg3 Kh7 37. Qxg4 hxg4 38. Rxa6 h5 39. Kf2 Kg7 40. Kg3 Rd1
41. Nd6 Rf1 42. Ra7 Nb6 43. Rxf7+ Kg8 44. e6 1-0

[Event "Qatar Masters Open 2023"]
[Site "Doha QAT"]
[Date "2023.10.19"]
[Round "8.21"]
[White "Mousavi, Seyed Khalil"]
[Black "Nihal, Sarin"]
[Result "0-1"]
[WhiteTitle "GM"]
[BlackTitle "GM"]
[WhiteElo "2492"]
[BlackElo "2694"]
[WhiteFideId "12511099"]
[BlackFideId "25092340"]
[EventDate "2023.10.11"]

1. c4 Nf6 2. Nc3 c5 3. g3 d5 4. cxd5 Nxd5 5. Bg2 Nc7 6. Nf3 Nc6 7. d3 e5 8. Nd2
Be7 9. Nc4 f6 10. f4 exf4 11. Bxf4 O-O 12. Bxc6 bxc6 13. Qa4 Bd7 14. Bxc7 Qxc7
15. Qa5 Qb7 16. O-O Be6 17. b3 f5 18. Na4 Bd5 19. e3 f4 20. exf4 Bf6 21. Ne5 g5
22. Nxc5 Qg7 23. d4 gxf4 24. Qc3 Bh4 25. Ncd7 fxg3 26. Rf3 gxh2+ 0-1

[Event "Qatar Masters Open 2023"]
[Site "Doha QAT"]
[Date "2023.10.19"]
[Round "8.22"]
[White "Fedoseev, Vladimir3"]
[Black "Nogerbek, Kazybek"]
[Result "1-0"]
[WhiteTitle "GM"]
[BlackTitle "IM"]
[WhiteElo "2691"]
[BlackElo "2471"]
[WhiteFideId "24130737"]
[BlackFideId "13710427"]
[EventDate "2023.10.11"]

1. d4 Nf6 2. c4 e6 3. Nc3 d5 4. Bg5 Be7 5. e3 Nbd7 6. Rc1 c6 7. cxd5 exd5 8. Bd3
O-O 9. Bf4 Re8 10. Nf3 Nf8 11. Ne5 Bd6 12. Bg3 Qe7 13. O-O N6d7 14. f4 Nb6 15.
e4 dxe4 16. Nxe4 f5 17. Bh4 Qc7 18. Nc3 Be6 19. a4 a5 20. g4 Bxe5 21. dxe5 Qf7
22. Qc2 g6 23. gxf5 gxf5 24. Rf3 Ng6 25. Rg3 Nd7 26. Ne2 c5 27. Nc3 c4 28. Be2
Qf8 29. Nb5 Qc5+ 30. Kf1 Nb6 31. Bg5 Qc6 32. h4 h6 33. Bf6 Qh1+ 34. Rg1 Qh3+ 35.
Ke1 Bf7 36. Qd2 Re6 37. h5 Rxf6 38. exf6 Qh4+ 39. Kd1 Qxf6 40. Qc3 Rd8+ 41. Ke1
Qe7 42. hxg6 Bd5 43. Qa3 Qf6 44. Rd1 Re8 45. Rd2 Bc6 46. Qc5 Bf3 47. Nc3 1-0

[Event "Qatar Masters Open 2023"]
[Site "Doha QAT"]
[Date "2023.10.19"]
[Round "8.23"]
[White "Chandra, Akshat"]
[Black "Mendonca, Leon Luke"]
[Result "1/2-1/2"]
[WhiteTitle "GM"]
[BlackTitle "GM"]
[WhiteElo "2486"]
[BlackElo "2622"]
[WhiteFideId "25006711"]
[BlackFideId "35028561"]
[EventDate "2023.10.11"]

1. d4 Nf6 2. c4 e6 3. Nf3 d5 4. Nc3 c6 5. Bg5 h6 6. Bh4 dxc4 7. e4 g5 8. Bg3 b5
9. Be2 Bb7 10. h4 g4 11. Ne5 Nbd7 12. Nxd7 Qxd7 13. Be5 Bg7 14. Bxg4 Rg8 15. Bf3
c5 16. a4 cxd4 17. Qxd4 Qxd4 18. Bxd4 Rd8 19. Bxf6 Bxf6 20. axb5 Bd4 21. Ra4 Rc8
22. Ke2 Ke7 23. Rc1 Bb6 24. e5 Bxf3+ 25. Kxf3 Rc5 26. Re1 Rd8 27. Re2 Rd3+ 28.
Kg4 h5+ 29. Kf4 Rc8 30. f3 Rd4+ 31. Re4 Rd2 32. Raxc4 Rxc4 33. Rxc4 Rxg2 34. b4
f6 35. exf6+ Kxf6 36. Ne4+ Ke7 37. Rc6 Rb2 38. Ke5 Rxb4 39. Rxe6+ Kf8 40. Kf6
Rxb5 41. Kg6 Bc5 42. Kxh5 Be7+ 43. Kg4 Rb6 44. Re5 Bb4 45. Rh5 Rg6+ 46. Kf5 Kg7
47. Ng5 Rf6+ 48. Kg4 Rh6 49. Rxh6 Kxh6 50. Nf7+ 1/2-1/2